Statistics for Biggest Cities In Ukraine

Click here to take the quiz!

General Stats

  • This quiz has been taken 48 times
  • The average score is 9 of 15

Answer Stats

RankPopulationCity% Correct
12,950,000Kyiv
100%
31,013,000Odessa
96%
21,446,000Kharkiv
92%
5913,000Donetsk
88%
7724,000Lviv
88%
4998,000Dnipro
85%
11403,000Luhansk
69%
12397,000Sevastopol
58%
8624,000Kryvyi Rih
46%
6738,000Zaporizhia
46%
10440,000Mariupol
42%
9483,000Mykolaiv
42%
13369,000Vinnytsia
35%
15341,000Simferopol
27%
14343,000Makiivka
23%

Score Distribution

Percentile by Number Answered

Percent of People with Each Score

Your Score History

You have not taken this quiz